| 000 | 00777nam a22002177a 4500 | ||
|---|---|---|---|
| 005 | 20100806145225.0 | ||
| 010 | _aENG-98691 | ||
| 020 |
_a9788190756440 _c60.00 |
||
| 035 | _aEN-82223 | ||
| 037 | _bDBAD/PUB | ||
| 082 | _a883.09 | ||
| 100 |
_aThennarasu, K. _97882 |
||
| 245 |
_aExcitement and disillusionment in jhabvala's novels / _cby K.Thennarasu |
||
| 260 |
_aChidambaram _bSri Ram Publications _c2008 |
||
| 270 |
_aNo.144, Main Road Lalpuram _bChidambaram |
||
| 300 |
_a80p. _c20cm (pbk) |
||
| 500 | _aIncludes bibliographical eferences | ||
| 650 |
_aEnglish novel _97883 |
||
| 942 |
_2ddc _cEN _h883.09 _mTHE |
||
| 999 |
_c39834 _d39834 |
||